Normal view
MARC view
Entry Personal Name
001 - CONTROL NUMBER
- control field: 17551
003 - CONTROL NUMBER IDENTIFIER
- control field: OSt
005 - DATE AND TIME OF LATEST TRANSACTION
- control field: 20200904132438.0
008 - FIXED-LENGTH DATA ELEMENTS
- fixed length control field: 200904|| aca||aabn | a|a d
040 ## - CATALOGING SOURCE
- Original cataloging agency: OSt
- Transcribing agency: OSt
100 ## - HEADING--PERSONAL NAME
- Personal name: Masood, Ayesha
670 ## - SOURCE DATA FOUND
- Source citation: Work cat.: (OSt)513827: Masood, Ayesha, Speaking out: A postcolonial critique of the academic discourse on far-right populism
